Alankar aru chada paricaya (Record no. 3579)

MARC details
000 -LEADER
fixed length control field 00480cam a2200193ua 4500
008 - FIXED-LENGTH DATA ELEMENTS--GENERAL INFORMATION
fixed length control field 120216n ii |||gr||||Z||||||asm
040 ## - CATALOGING SOURCE
Transcribing agency MAIN
082 ## - DEWEY DECIMAL CLASSIFICATION NUMBER
Classification number 491.4515
100 ## - MAIN ENTRY--PERSONAL NAME
Personal name Bora, Jatin,
Relator term
245 11 - TITLE STATEMENT
Title Alankar aru chada paricaya
Statement of responsibility, etc. by Jatin Bora
250 ## - EDITION STATEMENT
Edition statement 1st.
260 ## - PUBLICATION, DISTRIBUTION, ETC.
Place of publication, distribution, etc. Guwahati:
Name of publisher, distributor, etc. Bani Prakash pvt. ltd.,994.
300 ## - PHYSICAL DESCRIPTION
Extent 177p:
Dimensions 23cm.
942 ## - ADDED ENTRY ELEMENTS (KOHA)
Koha item type Books
653 ## - INDEX TERM--UNCONTROLLED
Uncontrolled term Assamese
653 ## - INDEX TERM--UNCONTROLLED
Uncontrolled term alankar aru chada paricaya
653 ## - INDEX TERM--UNCONTROLLED
Uncontrolled term Rhetorhe
Holdings
Withdrawn status Lost status Damaged status Not for loan Home library Current library Shelving location Date acquired Total Checkouts Full call number Barcode Date last seen Date last checked out Copy number Price effective from Koha item type
        Central Library, Naharkatiya College Central Library, Naharkatiya College General Stacks 19/09/2020 1 491.4515 | BOR 9792 25/04/2022 23/04/2022 1 19/09/2020 Books

Naharkatiya College © 2020. All rights reserved.

Powered By